书目信息 |
| 题名: |
野生动植物标本制作
|
|
| 作者: | 肖方 | |
| 分册: | ||
| 出版信息: | 北京 科学出版社 1999 |
|
| 页数: | 515 | |
| 开本: | 20cm | |
| 丛书名: | ||
| 单 册: | ||
| 中图分类: | Q-34 | |
| 科图分类: | ||
| 主题词: | 生物--标本--采集 , 生物--标本--制备 | |
| 电子资源: | ||
| ISBN: | 7-03-007202-2 | |
| 000 | 00539nam0 2200193 450 | |
| 001 | 0741144344 | |
| 005 | 20070817112544.34 | |
| 010 | @a7-03-007202-2@d¥32.00 | |
| 100 | @a20070817d km y0chiy0120 ea | |
| 101 | 0 | @achi |
| 200 | 1 | @a野生动植物标本制作@Aye sheng dong zhi wu biao ben zhi zuo@f肖方@Fxiao fang |
| 210 | @a北京@c科学出版社@d1999 | |
| 215 | @a515@d20cm | |
| 606 | 0 | @a生物@x标本@x采集 |
| 606 | 0 | @a生物@x标本@x制备 |
| 690 | @aQ-34@v3 | |
| 701 | 0 | @a肖方@Axiao fang |
| 801 | 0 | @aCN@bPFT@c20070817 |
| 905 | @a213230@dQ-34@en1@f1 | |
| 野生动植物标本制作/肖方.-北京:科学出版社,1999 |
| 515;20cm |
| ISBN 7-03-007202-2:¥32.00 |
| ● |
| 相关链接 |
|
|
|
|
正题名:野生动植物标本制作
索取号:Q-34/n1
 
预约/预借
| 序号 | 登录号 | 条形码 | 馆藏地/架位号 | 状态 | 备注 |
| 1 | 6600014 | 266000141 | 密集书库-生命科学系/ [索取号:Q-34/n1] | 在馆 | |
| 2 | 6600023 | 266000230 | 密集书库-生命科学系/ [索取号:Q-34/n1] | 在馆 | |
| 3 | 6601070 | 266010700 | 密集书库-生命科学系/ [索取号:Q-34/n1] | 在馆 | |
| 4 | 6601170 | 266011709 | 密集书库-生命科学系/ [索取号:Q-34/n1] | 在馆 |